Fr. Conceicao Rodrigues College of Engineering

Virtual Reality technology (Record no. 23727)

MARC details
000 -LEADER
fixed length control field 00382nam a2200181Ia 4500
082 ## - DEWEY DECIMAL CLASSIFICATION NUMBER
Classification number 5.43
Item number BUR
100 ## - MAIN ENTRY--PERSONAL NAME
Personal name Burdea/Grigore C
250 ## - EDITION STATEMENT
Edition statement 3
245 ## - TITLE STATEMENT
Title Virtual Reality technology
260 ## - PUBLICATION, DISTRIBUTION, ETC.
Name of publisher, distributor, etc. Wiley India
Place of publication, distribution, etc. Mumbai
Date of publication, distribution, etc. 2003
366 ## - TRADE AVAILABILITY INFORMATION
Publishers's discount category 25
300 ## - PHYSICAL DESCRIPTION
Extent 444
546 ## - LANGUAGE NOTE
Language note ENGLISH
650 ## - SUBJECT ADDED ENTRY--TOPICAL TERM
Topical term or geographic name entry element Virtual reality
654 ## - SUBJECT ADDED ENTRY--FACETED TOPICAL TERMS
Focus term virtual reality
942 ## - ADDED ENTRY ELEMENTS (KOHA)
Koha item type BOOK
Holdings
Withdrawn status Lost status Damaged status Not for loan Collection Home library Current library Date acquired Source of acquisition Cost, normal purchase price Inventory number Total Checkouts Full call number Barcode Date last seen Cost, replacement price Price effective from Koha item type
        CRC Fr. Agnel's C.Rodrigues College of Engineering Fr. Agnel's C.Rodrigues College of Engineering 17/03/2023 Dharma Enterprises 239.25 1618 dt 08/08/2009   5.43 BUR 19930 17/03/2023 319.00   BOOK
        CRC Fr. Agnel's C.Rodrigues College of Engineering Fr. Agnel's C.Rodrigues College of Engineering 17/03/2023 Dharma Enterprises 239.25 1618 dt 08/08/2009   5.43 BUR 19931 17/03/2023 319.00   BOOK
        CRC Fr. Agnel's C.Rodrigues College of Engineering Fr. Agnel's C.Rodrigues College of Engineering 17/03/2023 Dharma Enterprises 239.25 1618 dt 08/08/2009   5.43 BUR 19932 17/03/2023 319.00   Reference Book
        CRC Fr. Agnel's C.Rodrigues College of Engineering Fr. Agnel's C.Rodrigues College of Engineering 17/03/2023 Dharma Enterprises 239.25 1618 dt 08/08/2009   5.43 BUR 19933 17/03/2023 319.00   BOOK
        CRC Fr. Agnel's C.Rodrigues College of Engineering Fr. Agnel's C.Rodrigues College of Engineering 17/03/2023 Dharma Enterprises 239.25 1618 dt 08/08/2009   5.43 BUR 19934 17/03/2023 319.00   BOOK
        CRC Fr. Agnel's C.Rodrigues College of Engineering Fr. Agnel's C.Rodrigues College of Engineering 17/03/2023 Dharma Enterprises 239.25 1618 dt 08/08/2009   5.43 BUR 19935 17/03/2023 319.00   BOOK